Účtovanie o zákazkovej výrobe v rokoch 2003 až 2005 v príkladoch
Zásady účtovania zákazkovej výroby. Príklady účtovania.
Salvato in:
| Autore principale: | |
|---|---|
| Natura: | Capitolo di libro |
| Lingua: | slovacco |
| Soggetti: | |
| Tags: |
Nessun Tag, puoi essere il primo ad aggiungerne!!
|
MARC
| LEADER | 00000naa$a2200000$$$4500 | ||
|---|---|---|---|
| 001 | 0003477 | ||
| 005 | 20230927072210.1 | ||
| 041 | 0 | |a slo | |
| 044 | |a SK | ||
| 245 | 1 | 0 | |a Účtovanie o zákazkovej výrobe v rokoch 2003 až 2005 v príkladoch |c aut. Anton Kolembus |
| 520 | |a Zásady účtovania zákazkovej výroby. Príklady účtovania. | ||
| 610 | 2 | 0 | |a výroba zákazková |
| 610 | 2 | 0 | |a účtovanie |
| 100 | 1 | |a Kolembus, Anton | |